000 00399nam a22001697a 4500
003 MPLRDC
005 20220104164556.0
008 210129b ||||| |||| 00| 0 eng d
020 _a0-517-64116-X
082 _a870.57 SYM
100 _aALLENE SYMONS
245 _aVAGABOND PROPHET
_c
260 _a
_bBELL PUBLISHING CO.
_c1983
300 _b
650 _aFICTION
942 _cBK
_o870.57 SYM
999 _c57042
_d57032